| 000 | 00413cam a2200169ua 4500 | ||
|---|---|---|---|
| 020 | _c7.00 | ||
| 041 |
_ahin _h |
||
| 082 |
_a891.54 _bSHA/AD |
||
| 100 | _aShailkumari, . | ||
| 245 |
_aAdhunik hindi kavyamem nari bhavana / _cShailkumari. _hTextual Documents |
||
| 260 |
_a : _bHindustani Academy , _c1951. |
||
| 300 | _a256 ; . | ||
| 365 | _a7.00 | ||
| 504 | _a | ||
| 942 | _cBK | ||
| 999 |
_c8169 _d8169 |
||